000 00742nam a2200217 a 4500
001 BRCA_3505
005 20190320204319.0
008 250709s1943----mx-a---###---#000-0#spa-#
041 _aspa
044 _amx
050 4 _aF1386
_b.G66 1943
100 1 _aGonzález Obregón, Luis
_d1865-1938.
_97954
245 1 0 _aLa vida en México en 1810
_cpor Luis González Obregón ; prefacio de Carlos González Peña ; viñeta de Octavio N. Bustamente, litografías de la época.
260 _aMéxico
_bStylo
_c1943
300 _axix, 260 p.
_bil., 10 láminas
_c21 cm.
500 _aB90.
651 4 _aMéxico (Ciudad)
_xDescripción y viajes
_99117
651 4 _aMéxico (Ciudad)
_xVida social y costumbres
_99118
902 _aGFM
942 _2lcc
_cB
999 _c3240
_d3240